[Event "NOR-ch Class3"]
[Site "Lillehammer"]
[Date "2013.06.29"]
[Round "2"]
[White "Sorensen, Idar"]
[Black "Olsen, Jens Petter"]
[Result "0-1"]
[WhiteElo "1230"]
[BlackElo "1284"]
[PlyCount "88"]
[EventDate "2013.06.29"]
[EventType "swiss"]
[EventRounds "9"]
[EventCountry "NOR"]
[SourceTitle "EXT 2017"]
[Source "ChessBase"]
[SourceDate "2016.10.25"]
[SourceVersion "1"]
[SourceVersionDate "2016.10.25"]
[SourceQuality "1"]

1. d4 d5 2. c4 e6 3. e3 Nf6 4. Nc3 Nbd7 5. Nf3 Be7 6. Bd3 0-0 7. 0-0 a6 8. a3 b6 9. Ne5 Bd6 10. f4 Bb7 11. b4 c5 12. Rb1 Rb8 13. Qa4 dxc4 14. bxc5 b5 15. Nxb5 axb5 16. Qxb5 Bxe5 17. fxe5 Bxg2 18. Qxc4 Bxf1 19. Rxb8 Qxb8 20. exf6 Bxd3 21. Qxd3 Nxf6 22. e4 Qa8 23. e5 Qe4 24. Qd2 Qg4+ 25. Qg2 Qxg2+ 26. Kxg2 Nd5 27. Kf3 Rb8 28. Ke2 Rb1 29. Kd2 Rb8 30. Kc2 f6 31. exf6 gxf6 32. Bd2 f5 33. a4 f4 34. Kd3 f3 35. Be1 Rf8 36. Bf2 Rf4 37. a5 Nb4+ 38. Ke3 Rf8 39. Ke4 Kg7 40. Ke3 Kg6 41. h4 Kh5 42. Bg3 Kg4 43. Kf2 Nd3+ 44. Ke3 Kxg3 0-1

[Event "NOR-ch Class3"]
[Site "Lillehammer"]
[Date "2013.06.29"]
[Round "6"]
[White "Sorensen, Idar"]
[Black "Olsen, Trygve"]
[Result "1-0"]
[WhiteElo "1230"]
[BlackElo "1287"]
[PlyCount "69"]
[EventDate "2013.06.29"]
[EventType "swiss"]
[EventRounds "9"]
[EventCountry "NOR"]
[SourceTitle "EXT 2017"]
[Source "ChessBase"]
[SourceDate "2016.10.25"]
[SourceVersion "1"]
[SourceVersionDate "2016.10.25"]
[SourceQuality "1"]

1. d4 d5 2. Nf3 Nf6 3. e3 b6 4. c4 c6 5. Nc3 Bb7 6. Be2 g6 7. 0-0 Bg7 8. b3 0-0 9. a4 a5 10. Ba3 Na6 11. Rc1 Nb4 12. c5 bxc5 13. dxc5 Nd7 14. Bxb4 axb4 15. Nxd5 Nxc5 16. Nxb4 Qxd1 17. Bxd1 Ne6 18. Nxc6 Bf6 19. Be2 Rfc8 20. Bb5 Nc7 21. Nfd4 e5 22. Nf3 Nxb5 23. axb5 Ra3 24. Nd2 e4 25. Nxe4 Bb2 26. Ne7+ Kg7 27. Rxc8 Bxc8 28. Nxc8 Rxb3 29. b6 f5 30. Ned6 Ba3 31. b7 Kf8 32. g3 Kg7 33. Rd1 Kf6 34. Nc4 Bc5 35. N8b6 1-0

[Event "Drammen CC-ch Class2"]
[Site "Drammen"]
[Date "2012.03.06"]
[Round "5"]
[White "Sorensen, Idar"]
[Black "Aure, Anders Nilsson"]
[Result "1-0"]
[WhiteElo "1245"]
[BlackElo "1173"]
[PlyCount "149"]
[EventDate "2012.01.17"]
[EventType "tourn"]
[EventRounds "7"]
[EventCountry "NOR"]
[SourceTitle "EXT 2024"]
[Source "ChessBase"]
[SourceDate "2023.10.10"]
[SourceVersion "1"]
[SourceVersionDate "2023.10.10"]
[SourceQuality "1"]

1. d4 Nf6 2. c4 e5 3. e3 Bb4+ 4. Bd2 Bxd2+ 5. Nxd2 exd4 6. exd4 0-0 7. Bd3 Re8+ 8. Ne2 d5 9. 0-0 dxc4 10. Nxc4 Be6 11. Qc2 Nc6 12. Rad1 Nb4 13. Qb1 Nxd3 14. Qxd3 Nd5 15. b3 Qg5 16. f4 Qf5 17. Ng3 Qxd3 18. Rxd3 f6 19. f5 Bf7 20. a3 a5 21. Kf2 b5 22. Nd2 Rad8 23. Nf3 Nf4 24. Rc3 Nd5 25. Rc5 Rb8 26. Re1 Rxe1 27. Nxe1 Rb6 28. Nd3 c6 29. Ne4 Ne7 30. b4 axb4 31. Nxb4 Bd5 32. Nc3 Nxf5 33. Ncxd5 cxd5 34. Rxd5 Nd6 35. Kf3 Kf7 36. Rc5 Ke6 37. Rc7 Rb7 38. Rc3 Nf5 39. Ke4 Nd6+ 40. Kf4 g5+ 41. Kf3 f5 42. Nd3 Kd5 43. Nb4+ Kxd4 44. Rd3+ Ke5 45. Nc6+ Ke6 46. Nd8+ Ke7 47. Nxb7 Nxb7 48. Rc3 Kd7 49. h3 h5 50. Ke3 Kd6 51. Kd4 Nd8 52. Rf3 Ne6+ 53. Kc3 Ke5 54. Kb4 Nc7 55. Kc5 Ne6+ 56. Kb6 Ke4 57. Rb3 Nd4 58. Rb4 Kd5 59. Rxb5+ Nxb5 60. Kxb5 Kd6 61. Kb6 Ke5 62. a4 Kf4 63. a5 Kg3 64. a6 Kxg2 65. a7 f4 66. a8Q+ Kxh3 67. Qf3+ Kh4 68. Kc5 g4 69. Qxf4 Kh3 70. Kd4 g3 71. Ke3 h4 72. Kf3 Kh2 73. Qxh4+ Kg1 74. Qxg3+ Kf1 75. Qf2# 1-0

[Event "Drammen CC-ch Class1"]
[Site "Drammen"]
[Date "2011.01.18"]
[Round "2"]
[White "Sorensen, Idar"]
[Black "Thjomoe, Hans Richard"]
[Result "0-1"]
[WhiteElo "1195"]
[BlackElo "1696"]
[PlyCount "94"]
[EventDate "2011.01.11"]
[EventType "swiss"]
[EventRounds "9"]
[EventCountry "NOR"]
[SourceTitle "EXT 2024"]
[Source "ChessBase"]
[SourceDate "2023.10.10"]
[SourceVersion "1"]
[SourceVersionDate "2023.10.10"]
[SourceQuality "1"]

1. d4 Nf6 2. c4 g6 3. Nc3 Bg7 4. Nf3 0-0 5. e4 d6 6. Be2 e5 7. Bg5 Nc6 8. d5 Ne7 9. c5 Nh5 10. cxd6 cxd6 11. g3 h6 12. Be3 Kh7 13. h4 Rh8 14. Nh2 Nf6 15. g4 Kg8 16. Qd2 a6 17. 0-0-0 b5 18. f3 Bd7 19. Bd3 Qa5 20. Kb1 b4 21. Ne2 Bb5 22. Nc1 Rc8 23. Nb3 Qa4 24. Rc1 Kh7 25. Bb6 Nexd5 26. Bxb5 Qxb5 27. Rxc8 Rxc8 28. exd5 Qxb6 29. g5 Nd7 30. Ng4 h5 31. Ne3 a5 32. Rc1 Rxc1+ 33. Qxc1 a4 34. Nc4 Qc7 35. Nba5 Nc5 36. Nc6 b3 37. Qc3 e4 38. Qa5 Qxa5 39. N6xa5 exf3 40. Nd2 f2 41. axb3 axb3 42. Nc6 Be5 43. Nxe5 dxe5 44. d6 e4 45. Nf1 Kg7 46. Kc1 f5 47. Kd2 Kf7 0-1

[Event "Drammen Autumn"]
[Site "Drammen"]
[Date "2010.11.23"]
[Round "5"]
[White "Hanssen, John Christian"]
[Black "Sorensen, Idar"]
[Result "1-0"]
[WhiteElo "1332"]
[BlackElo "1193"]
[PlyCount "77"]
[EventDate "2010.09.07"]
[EventType "swiss"]
[EventRounds "9"]
[EventCountry "NOR"]
[SourceTitle "EXT 2024"]
[Source "ChessBase"]
[SourceDate "2023.10.10"]
[SourceVersion "1"]
[SourceVersionDate "2023.10.10"]
[SourceQuality "1"]

1. d4 d5 2. c4 e6 3. Nc3 Nf6 4. Bg5 c6 5. e3 Be7 6. Nf3 Nbd7 7. Be2 h6 8. Bh4 dxc4 9. Bxc4 b5 10. Bd3 b4 11. Ne4 Bb7 12. Nxf6+ Bxf6 13. Bxf6 Nxf6 14. 0-0 0-0 15. Rc1 a5 16. b3 Nd5 17. Rc5 Nc3 18. Qc2 a4 19. Ne5 axb3 20. Qxb3 Qc7 21. Qxb4 Nxa2 22. Qb3 f6 23. Ng6 Rf7 24. Bf5 Qd7 25. Bxe6 Bc8 26. Bxf7+ Qxf7 27. Ne7+ Kf8 28. Qxf7+ Kxf7 29. Nxc6 Bd7 30. Ra1 Ra6 31. d5 Nb4 32. Rxa6 Nxa6 33. Ra5 Nc7 34. Ra7 Nxd5 35. Rxd7+ Ke6 36. Rxg7 Kd6 37. Nd4 Ke5 38. Rh7 Ke4 39. Rxh6 1-0

[Event "Drammen Autumn"]
[Site "Drammen"]
[Date "2010.09.28"]
[Round "2"]
[White "Sorensen, Idar"]
[Black "Jorgensen, Terje"]
[Result "1/2-1/2"]
[WhiteElo "1193"]
[BlackElo "674"]
[PlyCount "71"]
[EventDate "2010.09.07"]
[EventType "swiss"]
[EventRounds "9"]
[EventCountry "NOR"]
[SourceTitle "EXT 2024"]
[Source "ChessBase"]
[SourceDate "2023.10.10"]
[SourceVersion "1"]
[SourceVersionDate "2023.10.10"]
[SourceQuality "1"]

1. d4 d5 2. Nf3 Nf6 3. c4 e6 4. Nc3 b6 5. Bg5 Be7 6. e3 Bb7 7. Bd3 0-0 8. 0-0 Ne4 9. Bxe7 Nxc3 10. Bxd8 Nxd1 11. Be7 Re8 12. Ba3 Ba6 13. Rfxd1 dxc4 14. Be4 c6 15. Bd6 Rd8 16. Bxb8 Rdxb8 17. Bxc6 Bb7 18. Ne5 Bxc6 19. Nxc6 Rc8 20. Ne5 Rc5 21. Rac1 Rcc8 22. e4 c3 23. b3 c2 24. Rd3 Rc7 25. f4 Rd8 26. d5 Rd6 27. Nxf7 Kxf7 28. dxe6+ Rxe6 29. e5 h6 30. Kf2 Kg6 31. g4 a6 32. h4 h5 33. Kf3 hxg4+ 34. Kxg4 Kf7 35. h5 b5 36. a4 1/2-1/2